The Semiconductor Competition and National Security

Enregistré dans:
Détails bibliographiques
Auteur principal: Okimoto, Daniel I.
Format: Livre
Langue:Undetermined
Publié: California United States of American 1987
Sujets:
Tags: Ajouter un tag
Pas de tags, Soyez le premier à ajouter un tag!
Thư viện lưu trữ: Trung tâm Học liệu Trường Đại học Cần Thơ
LEADER 00554nam a2200181Ia 4500
001 CTU_98956
008 210402s9999 xx 000 0 und d
082 |a 381.5 
082 |b O.41 
100 |a Okimoto, Daniel I. 
245 4 |a The Semiconductor Competition and National Security 
245 0 |c Daniel I. Okimoto, Henry S. Rowen, Michael J. Dahl 
260 |a California 
260 |b United States of American 
260 |c 1987 
650 |a Semiconductor competition 
904 |i Hiếu 
980 |a Trung tâm Học liệu Trường Đại học Cần Thơ